Statistics for Scottish Premiership Top 4 Positions

Click here to take the quiz!

General Stats

  • This quiz has been taken 318 times
  • The average score is 14 of 29

Answer Stats

Answer% Correct
Celtic
100%
Rangers
100%
Aberdeen
92%
Heart of Midlothian
89%
Dundee
86%
Hibernian
80%
Motherwell
69%
Kilmarnock
67%
Inverness
66%
Dundee United
64%
St. Johnstone
58%
St Mirren
54%
Falkirk
48%
Livingston
48%
Partick Thistle
47%
Hamilton Academical
46%
Dunfermline Athletic
40%
Ayr United
36%
Raith Rovers
32%
Dumbarton
30%
Airdrieonians
27%
Clyde
26%
Queen of the South
26%
East Fife
22%
Greenock Morton
17%
Third Lanark
17%
St Bernard's
5%
Leith Athletic
4%
Cumbaslang
1%

Score Distribution

Percentile by Number Answered

Percent of People with Each Score

Your Score History

You have not taken this quiz